Ve bét và côn trùng ký sinh ở Việt Nam T.2 Mòng - Tabanidae: Phân loại và mô tả

Giới thiệu các loại côn trùng ký sinh thuộc họ mòng (tabanidae). Phân loại và mô tả hình thái chung, từng bộ phận chủ yếu, phân bố, thời gian xuất hiện, ảnh chụp của 40 loài thuộc họ mòng ở miền Bắc Việt Nam

Đã lưu trong:
书目详细资料
主要作者: Phan Địch Lân
格式: 图书
语言:Vietnamese
出版: H. Khoa học và kỹ thuật 1983
主题:
标签: 添加标签
没有标签, 成为第一个标记此记录!
Thư viện lưu trữ: Mạng thư viện Đại học Đà Nẵng
LEADER 01384nam a2200325 4500
001 000009213
003 5408
005 20111025111011.0
008 111025s1983 viesd
041 0 |a vie 
082 |a 592.18  |b PH-L 
100 0 |a Phan Địch Lân 
245 1 0 |a Ve bét và côn trùng ký sinh ở Việt Nam  |c Phan Địch Lân  |n T.2  |p Mòng - Tabanidae: Phân loại và mô tả 
260 |a H.  |b Khoa học và kỹ thuật  |c 1983 
300 |a 131tr  |b Hình vẽ  |c 27cm 
520 |a Giới thiệu các loại côn trùng ký sinh thuộc họ mòng (tabanidae). Phân loại và mô tả hình thái chung, từng bộ phận chủ yếu, phân bố, thời gian xuất hiện, ảnh chụp của 40 loài thuộc họ mòng ở miền Bắc Việt Nam 
653 |a Mòng 
653 |a Ve bét 
653 |a Côn trùng kí sự 
773 |t Ve bét và côn trùng ký sinh ở Việt Nam  |w 5407 
OWN |a LSP 
AVA |a UDN50  |b LSP  |d 592.18 PH-L  |e available  |t Error 5001 Not defined in file expand_doc_bib_avail.  |f 2  |g 1  |h N  |i 0  |k 1 
999 |a From the UDN01 
AVA |a UDN50  |b LSP  |d 592.18 PH-L  |e available  |t Error 5001 Not defined in file expand_doc_bib_avail.  |f 2  |g 1  |h N  |i 0  |k 1 
TYP |a Monograph 
TYP |a Printed language 
980 |a Mạng thư viện Đại học Đà Nẵng